000 00912nam a2200289 i 4500
003 DO-SdBNP
005 20230720141915.0
007 ta
008 230720b2003 dr ad||| |||| 00| 0 spa d
020 _a9993425427
040 _aDO-SdBNP
_bspa
_cBNPHU
_erda
082 4 _222
100 _aBáez, Clara,,
_eautor
_983804
245 1 0 _aGénero y ciudadanía /
_cClara Báez, Denise Paiewonsky ; edición, Guadalupe Valdez
264 1 _aSanto Domingo :
_bINTEC :
_bBID,
_c2003.
300 _a54 páginas ;
_c28 cm.
336 _2rdacontent
_atexto
_btxt
337 _2rdamedia
_asin mediación
_bn
338 _2rdacarrier
_avolumen
_bnc
490 _aSociedad civil
490 _aCapacitación
_v5
500 _aPrograma de fortalecimiento de organizaciones de la sociedad civil
590 _aInventariado, 2023/BT
700 1 _aValdez, Guadalupe,
_eedición
_914014
910 _aBtavárez
942 _2ddc
_cLBS1
999 _c54221
_d54221